[Event "English Online Blitz Gp2"]
[Site "chess.com INT"]
[Date "2020.05.09"]
[Round "11"]
[White "Payne, Matthew J"]
[Black "Stoyanov, Viktor"]
[Result "0-1"]
[WhiteElo "2150"]
[BlackElo "2240"]
[WhiteFideId "417084"]
[BlackFideId "450308"]
[EventDate "2020.05.09"]
[EventType "blitz"]

1. e4 c5 2. Nc3 e6 3. f4 d5 4. Nf3 Nc6 5. Bb5 Ne7 6. exd5 exd5 7. Qe2 f6 8. d4
Kf7 9. dxc5 Nf5 10. Nxd5 Bxc5 11. Qc4 Re8+ 12. Ne3+ Re6 13. Qxc5 b6 14. Qc4 Na5
15. Qd3 Qxd3 16. Bxd3 Nxe3 17. Bxe3 Rxe3+ 18. Kf2 Re7 19. Rhe1 Bb7 20. Rxe7+
Kxe7 21. Bxh7 Nc4 22. Re1+ Kf7 23. b3 Nd6 24. Bd3 Rc8 25. g3 Rh8 26. h4 Rc8 27.
Nd4 Rc5 28. Ne6 Rc8 29. f5 b5 30. Nd4 Rc5 31. Re6 Rd5 32. Ke3 Bc8 33. Rxd6 Rxd6
34. Nxb5 Rd7 35. Bc4+ Ke7 36. Be6 Rb7 37. Bxc8 Rxb5 38. Be6 Rc5 39. c4 Kd6 40.
Kd4 Re5 41. b4 Re1 42. c5+ Kc7 43. Bc4 Rg1 44. a4 Rxg3 45. h5 Rg5 46. Be6 Rxh5
47. b5 Rh1 48. a5 Rd1+ 49. Ke4 Rb1 50. b6+ axb6 51. cxb6+ Kc6 52. Bd5+ Kb5 53.
b7 Kxa5 54. Kf4 Rb4+ 55. Kg3 Ka6 56. Bf3 Ka7 57. Bd5 Kb8 58. Bf3 Kc7 59. Bd5 Rd4
60. Bf3 Rb4 61. Bd5 Kd6 62. Bf3 Ke5 63. Bc6 Kxf5 64. Bd7+ Ke5 65. Bc8 f5 66. Kf3
g5 67. Kg3 Rb3+ 68. Kf2 Ke4 69. Bd7 Rb2+ 70. Kg3 f4+ 71. Kg4 Ke3 72. Bc6 Rb4 73.
Bf3 Rb5 74. Bc6 Rb2 75. Bf3 Rb4 76. Bc6 f3+ 77. Kg3 f2 78. Bg2 Rxb7 0-1

[Event "English Online Blitz Gp2"]
[Site "chess.com INT"]
[Date "2020.05.09"]
[Round "11"]
[White "Claridge-Hansen, William"]
[Black "Cooper, Lawrence H"]
[Result "0-1"]
[WhiteTitle "FM"]
[BlackTitle "IM"]
[WhiteElo "2290"]
[BlackElo "2331"]
[WhiteFideId "422509"]
[BlackFideId "401536"]
[EventDate "2020.05.09"]
[EventType "blitz"]

1. c4 b6 2. Nc3 Bb7 3. e4 e6 4. Nge2 f5 5. exf5 exf5 6. Ng3 g6 7. Nxf5 gxf5 8.
Qh5+ Ke7 9. d4 Nf6 10. Bg5 Bg7 11. O-O-O Kf8 12. Qh3 Qe8 13. Bd3 Qg6 14. f4 Ne4
15. Bxe4 Bxe4 16. Nxe4 fxe4 17. Bh4 Qe6 18. f5 Qxc4+ 19. Kb1 Bxd4 20. f6 Qb4 21.
b3 Qc3 22. Qxc3 Bxc3 23. Rc1 Be5 24. Rhe1 d5 25. Rcd1 c6 26. Rxe4 Nd7 27. Rg4
Rg8 28. h3 Kf7 29. Re1 Rxg4 30. hxg4 h6 31. g5 hxg5 32. Bxg5 Rg8 33. Be3 Rxg2
34. a4 Rb2+ 35. Kc1 Rxb3 36. a5 Bxf6 37. axb6 axb6 38. Bd2 Rh3 39. Rf1 Ke6 40.
Kc2 Rh2 41. Kd3 Rh3+ 42. Kc2 Nc5 43. Bc1 Ne4 44. Re1 Rh2+ 45. Kb3 Rh3+ 46. Kc2
b5 47. Rg1 b4 48. Rg8 b3+ 49. Kb1 Nc3+ 50. Kb2 Ne2+ 51. Kb1 Nc3+ 52. Kb2 Nb5+
53. Kb1 b2 54. Bxb2 Bxb2 55. Kxb2 Kd6 56. Rg6+ Kc5 57. Rg5 Rh4 58. Rf5 Kc4 59.
Rg5 c5 60. Rg3 d4 61. Rg2 Rh3 62. Kc2 Na3+ 63. Kb2 Nb5 64. Kc2 Rc3+ 65. Kb2 Kb4
66. Rg8 c4 67. Rb8 Rh3 68. Rg8 Rh2+ 69. Ka1 Kb3 70. Rg3+ c3 71. Rg1 d3 72. Rb1+
Rb2 73. Rh1 Ra2+ 74. Kb1 c2+ 75. Kc1 Ra1+ 76. Kd2 Rxh1 77. Kxd3 c1=Q 78. Ke2
Qc2+ 79. Kf3 Rh3+ 80. Kg4 Qg2+ 81. Kf4 Qe2 82. Kf5 Rf3+ 83. Kg4 Qg2+ 84. Kh4
Rh3# 0-1

[Event "English Online Blitz Gp2"]
[Site "chess.com INT"]
[Date "2020.05.09"]
[Round "11"]
[White "Chow, Samuel"]
[Black "Mortazavi, Ali"]
[Result "1-0"]
[WhiteTitle "FM"]
[BlackTitle "IM"]
[WhiteElo "2345"]
[BlackElo "2333"]
[WhiteFideId "3202992"]
[BlackFideId "401323"]
[EventDate "2020.05.09"]
[EventType "blitz"]

1. d4 Nf6 2. c4 g6 3. Nc3 Bg7 4. g3 O-O 5. Bg2 d6 6. e3 Nbd7 7. Nge2 e5 8. b3
Re8 9. O-O h5 10. h3 Qe7 11. Qc2 e4 12. f3 exf3 13. Rxf3 Nf8 14. Bd2 N8h7 15.
Nf4 c6 16. Rf2 Bf5 17. Qd1 Ne4 18. Nxe4 Bxe4 19. Bxe4 Qxe4 20. Qf3 Qxf3 21. Rxf3
Ng5 22. Rff1 Ne4 23. Be1 Kh7 24. Kg2 f5 25. Rd1 Ng5 26. Bf2 Ne4 27. d5 c5 28.
Ne6 Re7 29. Be1 Rae8 30. Kf3 Rxe6 31. dxe6 Rxe6 32. Rd3 a6 33. g4 Ng5+ 34. Kg2
hxg4 35. hxg4 fxg4 36. Rf4 Nf3 37. Bc3 Bxc3 38. Rxc3 Ne5 39. Rf8 Re7 40. Rd8 Nf7
41. Rb8 Kg7 42. Kg3 Kf6 43. Kxg4 Ne5+ 44. Kg3 Ke6 45. Rc2 Kf5 46. Rd2 Nf7 47.
Kf2 Ke4 48. Ke2 g5 49. Rd1 g4 50. Rf1 g3 51. Rg8 d5 52. Rf4+ Ke5 53. cxd5 Kxd5
54. Rxg3 Ne5 55. Rg5 b5 56. Rf6 a5 57. Ra6 Rh7 58. Rxa5 Rh2+ 59. Kd1 b4 60. Ra8
Ke4 61. Re8 Kd3 62. Rd8+ Ke4 63. Re8 Kd3 64. Rd8+ Ke4 65. Kc1 Nd3+ 66. Rxd3 Kxd3
67. Rxc5 Rxa2 68. Rc4 Kxe3 69. Rxb4 Kd3 70. Rc4 Rh2 71. Kb1 Rg2 72. Rc8 Rh2 73.
Ka1 Rg2 74. Rc7 Rh2 75. Rc1 Kd2 76. Kb2 Kd3+ 77. Ka3 Rh8 78. b4 Kd2 79. Rc6 Kd3
80. b5 Kd4 81. Kb4 Rh1 82. Ka5 Rh5 83. Ka6 Rh1 84. b6 Ra1+ 85. Kb7 Kd5 86. Rc2
Rb1 87. Kc7 Rh1 88. b7 Rh7+ 89. Kb6 Rh6+ 90. Ka7 Rh7 91. Ka8 1-0